|
|
|
|
| LEADER |
01761nam a22004692a 4500 |
| 001 |
000038699 |
| 003 |
CZ BrMZK |
| 005 |
20250627111138.0 |
| 007 |
ta |
| 008 |
951201s1992 xo a c f 001 0 cze d |
| 020 |
|
|
|a 80-06-00499-4
|
| 040 |
|
|
|a BOA001
|b cze
|
| 041 |
1 |
|
|a cze
|h eng
|
| 072 |
|
7 |
|a 613
|x Hygiena. Lidské zdraví
|2 Konspekt
|9 14
|
| 072 |
|
7 |
|a 0/9-053.2
|x Literatura pro děti a mládež (naučná)
|2 Konspekt
|9 26
|
| 080 |
|
|
|a 612.661
|2 MRF
|
| 080 |
|
|
|a 612.661
|2 MRF
|
| 080 |
|
|
|a 613.88:37.016
|2 MRF
|
| 080 |
|
|
|a (035)
|2 MRF
|
| 080 |
|
|
|a (0.053.6)
|2 MRF
|
| 100 |
1 |
|
|a Meredith, Susan,
|d 1951-
|7 pag2006350363
|4 aut
|
| 245 |
1 |
0 |
|a Dospívání a sex :
|b puberta, tělesné změny a sex /
|c Susan Meredithová ; ilustrovali Sue Stittová, Kchuo Kchang Čchen a Rob McCaig
|
| 260 |
|
|
|a Bratislava :
|b Mladé letá,
|c 1992
|
| 300 |
|
|
|a 47 s. :
|b barev. il. ;
|c 24 cm
|
| 500 |
|
|
|a Přeloženo z angličtiny
|
| 500 |
|
|
|a Terminologický slovník
|
| 500 |
|
|
|a Obsahuje rejstřík
|
| 650 |
0 |
7 |
|a dospívání
|7 ph117183
|2 czenas
|
| 650 |
0 |
7 |
|a puberta
|7 ph135004
|2 czenas
|
| 650 |
0 |
7 |
|a sexuální výchova
|7 ph117263
|2 czenas
|
| 650 |
0 |
9 |
|a maturation
|2 eczenas
|
| 650 |
0 |
9 |
|a puberty
|2 eczenas
|
| 650 |
0 |
9 |
|a sex education
|2 eczenas
|
| 655 |
|
7 |
|a příručky
|7 fd133209
|2 czenas
|
| 655 |
|
7 |
|a publikace pro mládež
|7 fd133157
|2 czenas
|
| 655 |
|
9 |
|a handbooks and manuals
|2 eczenas
|
| 655 |
|
9 |
|a juvenile literature
|2 eczenas
|
| 765 |
0 |
|
|t Adolescence, body changes and sex
|9 Česky
|
| 910 |
|
|
|a BOA001
|b PK-0117.499
|b X-0981.019
|
| 990 |
|
|
|a BK
|
| 996 |
7 |
|
|b 2619998539
|c X-0981.019
|l MZK
|r Sklad / do 24 hodin
|n 7
|w 000038699
|u 000020
|a 1
|e BOA001
|j MZK50
|s A
|
| 996 |
7 |
|
|b 3119992869
|c PK-0117.499
|l MZK
|r Sklad / do 1 hodiny
|n 11
|w 000038699
|u 000010
|a 1
|e BOA001
|j MZK50
|s A
|